| 000 | 01509namaa2200373 i 4500 | ||
|---|---|---|---|
| 003 | EG-GICUC | ||
| 005 | 20251116115002.0 | ||
| 008 | 251116s1996 mr af||jr|||| 000 0 ara d | ||
| 017 |
_a96 / 1054 _bالمغرب |
||
| 040 |
_aEG-GiCUC _bara _cEG-GiCUC _dEG-GiCUC _erda |
||
| 041 |
_aara _hfre |
||
| 082 | 0 | 4 |
_221 _a704.9481 _bG727 |
| 092 | 0 | 4 |
_221 _a704.9481 _bG727 |
| 099 | _a704.9481 G727 | ||
| 100 | 1 |
_aكرابار، أوليغ _eمؤلف. |
|
| 240 | 1 |
_aPenser l'art islamique : une esthétique de l'ornement _lArabic |
|
| 245 |
_aكيف نفكر فى الفن الاسلامى / _cأوليغ كرابار ؛ ترجمة عبد الجليل ناظم، سعيدالحنصالى |
||
| 260 | _aالطبعة الاولى | ||
| 264 |
_aالدار البيضاء (المغرب) : _bدار توبقال للنشر، _c1996 |
||
| 300 |
_a122 صفحة : _bإيضاحيات، لوحات ؛ _c24 سم |
||
| 336 |
_2rdacontent _atext |
||
| 337 |
_2rdamedia _aUnmediated |
||
| 338 |
_2rdacarrier _avolume |
||
| 490 | 0 | _aسلسلة معالم | |
| 500 | _aالترجمة العربية لـ : Penser l'art islamique : une esthétique de l'ornement | ||
| 541 |
_aد. / جابر عصفور ؛ _bالقاهرة ؛ _cإهداء ؛ _d2024. |
||
| 650 | 1 | 7 |
_aالفن الاسلامى _2qrmak |
| 650 | 1 | 7 |
_aالزخرفة _2qrmak |
| 651 | 1 | _2qrmak | |
| 700 | 1 |
_aناظم، عبد الجليل، _eمترجم. |
|
| 700 | 1 |
_aالحنصالى، سعيد، _eمترجم. |
|
| 905 | _aAmira | ||
| 942 |
_2ddc _cBK _e21 _n0 |
||
| 999 |
_c175885 _d175885 |
||